Ultimate Marvel Cinematic Universe (MCU) Character Quiz - Statistics

General Stats
  • This quiz has been taken 143 times
    95 since last reset
  • The average score is 126 of 270
Answer Stats
Film Description Character % Correct
Captain America: The First Avenger Supersoldier for the U.S. military who becomes frozen for 67 years before serving the Avengers Steve Rogers
100%
Best friend of Captain America, who supposedly dies but is brainwashed and turned into a HYDRA supersoldier James "Bucky" Barnes
97%
British agent, the above's love interest, and one of SHIELD's primary founders Margaret "Peggy" Carter
92%
Leader of the German HYDRA organization who is corrupted by the Tesseract's power Johann Schmidt
85%
Genius head of Stark Industries who creates Captain America's shield and much more amazing technology Howard Stark
83%
Tony's computer system JARVIS
81%
Iron Man Billionaire genius and inventor who creates a flying armored suit to battle crime and later joins the Avengers Tony Stark
81%
Tony's personal assistant and later his wife Virginia "Pepper" Potts
81%
Lead scientist of HYDRA that rebuilds HYDRA within SHIELD whose conscience is uploaded to a computer Arnim Zola
80%
Captain Marvel Air Force pilot who gains Tesseract-powered superpowers after an explosion and is trained as a Kree soldier Carol Danvers
80%
SHIELD operative who later becomes director and leads the Avengers Initiative Nicholas Fury
80%
Air Force colonel who is the best friend of the above and later dons an armored suit James Rhodes
76%
Thor's mischievous adopted brother, actually a Frost Giant, who betrays him (and continues to do so afterward) Loki
76%
Thor Asgardian god of thunder who joins the Avengers Thor
76%
Earth scientist who helps the above and is his love interest Jane Foster
75%
King of Asgard and the wise father of Thor Odin
75%
Avengers Scientist who sometimes transforms into a giant green monster when angry due to gamma radiation Bruce Banner
73%
Skilled archer with incredible aim and eyesight Clint Barton
73%
Powerful warrior who wants to avenge his murdered family Drax the Destroyer
73%
Thanos's adopted assassin who seeks redemption for her crimes Gamora
73%
Treelike humanoid companion of the above Groot
73%
Guardian of the Asgardian transportation device, the Bifrost Heimdall
73%
Guardians of the Galaxy Space adventurer and "legendary outlaw" raised by the Ravagers, a group of alien smugglers Peter Quill
73%
Genetically enhanced raccoon Rocket
73%
Tony's bodyguard who later becomes head of security Harold "Happy" Hogan
71%
Thor: Ragnarok Goddess of death who tries to conquer Asgard and create an empire Hela
71%
Iron Man 2 Russian villain with electrified whips who attacks Stark and his reputation Ivan Vanko
71%
Sadistic, ruthless servant of the above who is also the Thanos's adopted daughter Nebula
71%
Brother of the above with superhuman speed Pietro Maximoff
71%
Captain America: The Winter Soldier Air Force veteran with a specially designed wing pack Sam Wilson
71%
Avengers: Age of Ultron AI created by Tony Stark and Bruce Banner whose goal is mass-destruction Ultron
71%
Android with a vibranium body and JARVIS's intelligence who serves the Avengers Vision
71%
Sokovian woman with incredible magic powers from the Mind Stone, who works for Ultron but switches sides Wanda Maximoff
71%
Black Panther Villainous Wakandan who subdues T'Challa and becomes king of Wakanda Erik Killmonger
69%
Daughter of the above, who later dons a version of Scott's suit with wings Hope van Dyne
69%
SHIELD agent who works closely with Nick Fury Maria Hill
69%
Russian SHIELD agent who was formerly a Soviet assassin and becomes part of the Avengers Natasha Romanoff
69%
Brilliant teenager with acrobatic spider-like abilities Peter Parker
69%
Ant-Man Thief and criminal who obtains a suit that allows him to shrink in size but increase his strength Scott Lang
69%
Doctor Strange Renowned surgeon who seeks replacement for his disabled hands and later becomes a skilled Master of the Mystic Arts Stephen Strange
69%
Captain America: Civil War Wakandan warrior with a special panther-like suit who seeks vengeance for his father's death T'Challa
69%
Black Widow Natasha's "sister" who was also trained as an elite assassin Yelena Belova
69%
Sorcerer Supreme and the above's mentor who teaches him ancient magic Ancient One
68%
Guardians of the Galaxy Vol. 2 Mythical Celestial being who is Peter Quill's father and seeks to conquer the galaxy Ego
68%
Brilliant scientist who creates the above's suit and its revolutionary technology Hank Pym
68%
Companion of the above with empathetic and sleep-inducing powers Mantis
68%
Peter's supportive aunt May Parker
68%
Peter's awkward but intelligent classmate who later becomes his girlfriend Michelle Jones-Watson
68%
Peter's best friend and "guy in the chair" who helps him with his duties as Spider-Man Ned Leeds
68%
SHIELD agent who oversees the Avengers Initiative Phil Coulson
68%
Master of the Mystic Arts who protects ancient books and relics Wong
68%
Smug, annoying rival of Peter Flash Thompson
66%
Sakaaran who hosts the Contest of Champions Grandmaster
66%
King of the Frost Giants and the biological father of Loki Laufey
66%
T'Challa's clever sister responsible for various new Wakandan technologies Shuri
66%
Eccentric collector of artifacts, relics, and creatures Taneleer Tivan
66%
Avengers: Infinity War Alien sociopath attempting to locate all six Infinity Stones to eliminate half of all life in the universe Thanos
66%
Leader of the Ravagers Yondu Udonta
66%
Scott's affectionate daughter Cassie Lang
64%
Tony Stark's AI system to replace JARVIS FRIDAY
64%
Bitter Sokovian terrorist who turns the Avengers against each other Helmut Zemo
64%
Kronan gladiator on Sakaar, made of rocks, who leads a revolution Korg
64%
Peggy Carter's niece who is tasked with overseeing Steve Sharon Carter
64%
Father of T'Challa and king of Wakanda before dying in a UN bombing T'Chaka
64%
Spider-Man: Homecoming Arms trafficker who uses Chitauri technology to create a suit with mechanical wings Adrian Toomes
63%
Mysterious being of the Dark Dimension who tries to conquer Earth Dormammu
63%
Kindly queen of Asgard, wife of above Frigga
63%
A formerly legendary Asgardian warrior who works on Sakaar Valkyrie
63%
Pym's former apprentice who creates a new version of his suit for evil Darren Cross
61%
Thor: The Dark World Dark Elf who seeks to unleash the Aether on the Nine Realms Malekith
61%
Avengers: Endgame Tony Stark's affectionate daughter Morgan Stark
61%
CEO of Stark Industries who betrays Tony and creates a bulky version of his suit Obadiah Stane
61%
Bodyguard and loyal general of T'Challa Okoye
61%
Kree zealot who attempts to destroy Xandar Ronan the Accuser
61%
Russian super-soldier who acted as a father for Natasha and her sister Alexei Shostakov
59%
Woman with the odd ability to phase through things Ava Starr
59%
Carol's best friend on Earth, an Air Force pilot who later founds SWORD Maria Rambeau
59%
Shang-Chi and the Legend of the Ten Rings Skilled martial artist who was trained to be a killer at a young age Shang-Chi
59%
Telepathic, mind-manipulating member of the Black Order Ebony Maw
58%
Wife of Hank Pym who is rescued from the quantum realm Janet van Dyne
58%
Ruthless female member of the Black Order Proxima Midnight
58%
Asgard's leading female warrior and Thor's trusted friend Sif
58%
Fire demon that causes Ragnarok and forces the people of Asgard to move elsewhere Surtur
58%
WandaVision Malicious witch who harnesses dark magic to manipulate Wanda Maximoff, posing as Wanda's nosy neighbor Agatha Harkness
56%
Iron Man 3 Founder of Advanced Idea Mechanics who rivals Tony Stark and employs an actor to portray the Mandarin Aldrich Killian
56%
Catlike Flerken with a mouth of tendrils who devours the Tesseract and later spits it out Goose
56%
What If...? (Season 1) Being who observes all that occurs in the Multiverse, never intervening except when one catastrophic situation presents itself The Watcher
56%
A SHIELD World Security Council member who works for HYDRA Alexander Pierce
54%
Daughter of the above with excellent combat skills who completes missions for the Red Room Antonia Dreykov
54%
Strange's fellow surgeon and friend Christine Palmer
54%
Thief from an alternate reality who gained the ability to transform into sand Flint Marko
54%
The Falcon and the Winter Soldier Decorated US captain chosen to be the next Captain America John Walker
54%
A Master of the Mystic Arts who also mentors Strange who later begins to attempt to exterminate sorcery Karl Mordo
54%
Leader of the barbaric Jabari tribe, who later helps T'Challa M'Baku
54%
Insectoid warrior companion of the above Miek
54%
Loki (Season 1) TVA agent who recruits Loki to help capture the Variant Mobius M. Mobius
54%
Scientist from an alternate reality with four artificially intelligent mechanical tentacles Otto Octavius
54%
Spider-Man: Far Frome Home Former Stark employee who uses holographic technology to make himself look like a valiant hero that fights "elemental" monsters Quentin Beck
54%
United States Secretary of State who supports the Sokovia Accords Thaddeus Ross
54%
Jane Foster's snarky intern who later investigates the Westview anomaly Darcy Lewis
53%
An astrophysicist doing research in New Mexico who helps Jane and Thor Erik Selvig
53%
The mysterious person behind the TVA He Who Remains
53%
Rival weapons developer of Tony who recruits Ivan Justin Hammer
53%
Scott's former cellmate and a member of his crew Luis
53%
T'Challa's feisty ex-girlfriend Nakia
53%
Spider-Man: No Way Home Scientist from an alternate reality who developed a split personality Norman Osborn
53%
The Queen of Wakanda and T'Challa's mother Ramonda
53%
Leader of the shapeshifting Skrull race that the Kree are fighting, who receives aid from Carol Talos
53%
Ruthless black-market arms dealer specializing in dealing vibranium Ulysses Klaue
53%
Russian general and head of the Red Room, a covert Soviet organization that trains women to be assassins Viktor Dreykov
53%
Doctor Strange in the Multiverse of Madness Teenager with the ability to travel between universes and dimensions of the Multiverse America Chavez
51%
Earth-838 Illuminati leader and professor with telepathic powers Charles Xavier
51%
Scientist from an alternate reality who transformed into a reptile after trying to regrow a limb Curt Conners
51%
10-year-old kid who helps Tony during his search for the Mandarin Harley Keener
51%
FBI agent who constantly invades Scott's house and later investigates the Westview anomaly Jimmy Woo
51%
Daughter of the above, a friendly senior who is Peter Parker's crush Liz Toomes
51%
Lawyer with heightened senses who assists Peter after he is revealed to be Spider-Man Matt Murdock
51%
Electrical engineer from an alternate reality who gained electric powers after an accident Max Dillon
51%
Variant of Loki who is attacking the Sacred Timeline and has enchantment powers Sylvie
51%
Ravager who becomes the leader after Yondu's betrayal and has a particularly ludicrous name Taserface
51%
Earth-838 Illuminati member and leader of the Inhumans Blackagar Boltagon
49%
Best friend of the above who is unaware of his abilities until a group attacks them on a bus Katy Chen
49%
Earth-838 Illuminati member and intelligent leader of the Fantastic Four Reed Richards
49%
CIA agent who aids the Wakandans in their struggle Everett Ross
47%
Dashing swordsman of the Warriors Three Fandral
47%
Ms. Marvel Pakistani-American teenager and avid Avengers fan who gains the power to harness cosmic energy from a bangle Kamala Khan
47%
The A.I. inside Peter's new suit Karen
47%
Hawkeye Young Hawkeye fan who becomes Barton's mentee after donning the Ronin suit Kate Bishop
47%
The Ravagers' second-in-command who aids the Guardians Kraglin Obfonteri
47%
Moon Knight Coldhearted Jewish-American mercenary is the avatar of the god Khonshu and suffers from a split personality Marc Spector
47%
Peter's mother who died from cancer Meredith Quill
47%
Alternate version of Peter who is haunted by his failure to save his girlfriend Gwen Peter-Three
47%
Alternate version of Peter Parker who utilizes organic webs from his own body Peter-Two
47%
Actor who portrays the fearsome terrorist the Mandarin on TV for the Ten Rings, but is not actually that terrorist Trevor Slattery
47%
Bearded, gluttonous member of the Warriors Three Volstagg
47%
Kree who tries to help Carol control her powers Yon-Rogg
47%
Commander of SHIELD's STRIKE team who is secretly a HYDRA operative Brock Rumlow
46%
The biggest and most physically powerful Black Order member Cull Obsidian
46%
Earnest, stern member of the Warriors Three Hogun
46%
Doctor who helps Tony build his first armored suit Ho Yinsen
46%
Mystic Arts Master who betrayed the Anicent One and became a Zealot Kaecilius
46%
Clint Barton's wife, whom most Avengers are oblivious to Laura Barton
46%
Tony Stark's mother who was killed by the Winter Soldier in 1991 Maria Stark
46%
Elite spy who acted as a mother for Natasha and her sister Melina Vostokoff
46%
Brilliant scientist that created the Super Soldier serum and is assassinated by HYDRA Abraham Erskine
44%
Thor: Love and Thunder Madman who uses the powerful, corruptive Necrosword to fulfill his task of slaying all gods for their selfishness Gorr the God Butcher
44%
Member of Adrian Toomes's crew who possesses a powerful gauntlet Herman Schultz
44%
Eternal who can fly and project cosmic energy beams from his eyes, love interest of the above Ikaris
44%
Reporter for The Daily Bugle who seeks to incriminate Spider-Man J. Jonah Jameson
44%
Eternals Empathetic Eternal with a strong connection to Earth, able to manipulate and transform matter Sersi
44%
HYDRA baron who conducts tests of the Mind Stone on the Maximoffs, giving them superhuman abilities Wolfgang von Strucker
44%
Dark Elf transformed into a monster by Malekith Algrim
42%
Leader of the prestigious, advanced Sovereign race who hunts down the Guardians Ayesha
42%
Ned's girlfriend who he later breaks up with for questionable reasons Betty Brant
42%
Member of the Black Order who accompanies the above to take the Mind Stone from Vision in Scotland Corvus Glaive
42%
King of the Nidavellir dwarves who forges Thor's new axe and Thanos's gauntlet Eitri
42%
World-renowned Korean geneticist who aids the Avengers but also Ultron (under the effects of Loki's scepter) Helen Cho
42%
Kree scientist who went rogue from the Kree Mar-Vell
42%
SWORD agent who disappears while investigating Westview, returning later after being subjected to Wanda's mind control Monica Rambeau
42%
Respected judge of the TVA Ravonna Renslayer
42%
Bifrost guardian replacement for Heimdall who becomes Hela's executioner but later turns on her Skurge
42%
Eternal who has the physical appearance of a child Sprite
42%
Malevolent A.I. ruler of the Kree Supreme Intelligence
42%
Eternal who can make weapons out of cosmic energy and suffers from a psychological condition (Mahd Wy'ry) Thena
42%
Leader of the Ten Rings criminal organization with ten very powerful rings who trained his son to be an assassin Wenwu
42%
Kingly Greek god of lightning and the ignorant leader of Omnipotence City Zeus
42%
Eternal who becomes a Bollywood star Kingo
41%
U.S. Army colonel and commanding officer of Captain America Chester Phillips
39%
Man who approaches the Eternals as the brother of Thanos Eros
39%
Incredibly strong Eternal with a deep connection to the above Gilgamesh
39%
High-ranking TVA Hunter intent on defeating "the Variant" Hunter B-15
39%
Gay Eternal who is an intelligent weapons and technology inventor Phastos
39%
Westview resident under the above's control, posing as Wanda's deceased brother Pietro Ralph Bohner
39%
Wise leader of the Eternals killed by Deviants Ajak
37%
News reporter who sleeps with Tony Christine Everhart
37%
Eternal with mind-control abilities Druig
37%
Enormous wolf that serves Hela Fenris
37%
SHIELD/HYDRA agent who gives Steve and Natasha information about Project Insight Jasper Sitwell
37%
Deaf Eternal who can move at superhuman speed Makkari
37%
Mysterious being who provides Loki with the Chitauri army The Other
37%
Father of Ivan who formerly worked with Howard Stark Anton Vanko
36%
Egyptian god of the moon, an outcast from the Ennead Khonshu
36%
Kree ally of Ronan who searches for the Power Stone Korath
36%
Scott's ex-wife Maggie Lang
36%
Younger sister of Shang-Chi who was abandoned by him and starts an undeground fight club in Macau Xialing
36%
Human history professor who dates Sersi Dane Whitman
34%
Leader of the Deviants, a race that are the Eternals' enemies Kro
34%
Gorr's daughter who dies of dehydration but is resurrected by Eternity and becomes Thor's adoptive daughter to fight beside him Love
34%
Clint's youngest son Nathaniel Barton
34%
Contessa who meets with John Walker and gives him the moniker "US Agent" Valentina Allegra de Fontaine
34%
Keeper of the Heart-Shaped Herb Zuri
34%
Criminal looking to purchase weapons from Toomes, uncle of Miles Morales Aaron Davis
32%
Evil Egyptian goddess released by Harrow who seeks to eliminate much of the world because of future crimes Ammit
32%
Powerful Celestial who created the Eternals and seeks to expand the universe Arishem
32%
Religious zealot and cultist who serves the goddess Ammit, judging people based on their future crimes Arthur Harrow
32%
Former colleague of Pym who aids the above in her struggles Bill Foster
32%
The above's mother who has connections with "Kingpin" Eleanor Bishop
32%
The above's fiance, a skilled swordsman who seems suspicious but is not Jack Duquesne
32%
Scott's Russian crew member Kurt Goreshter
32%
Deaf commander of the Tracksuit Mafia Maya Lopez
32%
Erik Killmonger's father, a traitor who was unfairly killed by T'Chaka N'Jobu
32%
Leader of the Ten Rings terrorist cell in Afghanistan that kidnaps Tony Raza
32%
Sam Wilson's sister who runs the family fishing business in Louisiana Sarah Wilson
32%
The Grandmaster's personal bodyguard and head of Sakaaran security forces Topaz
32%
Head of the Border Tribe who later turns on T'Challa W'Kabi
32%
Elite Wakandan warrior who seeks to capture Baron Zemo, who has been broken out of prison Ayo
31%
Teenage leader of the anti-patriotism group the Flag Smashers Karli Morgenthau
31%
Golden retriever who thoroughly enjoys pizza Lucky
31%
Midget assistant of the above Pip the Troll
31%
Ant Man and the Wasp Black market dealer intending to sell Hank Pym's technology Sonny Burch
31%
Acting director of SWORD after the Blip who tried to retrieve the Vision's body to use it as a sentient weapon Tyler Hayward
31%
Crime lord behind the Tracksuit Mafia Wilson Fisk
31%
Heimdall's young son, one of many children kidnapped by Gorr, who inherits his father's mystical powers Axl
29%
Scott's other crew member Dave
29%
Original owner of the gauntlet who is killed by Adrian Toomes for his failure Jackson Brice
29%
Police officer engaged to Scott's ex-wife Jim Paxton
29%
Former Mystic Arts Master who used his abilities to heal his paralysis but left Kamar-Taj Jonathan Pangborn
29%
Adventurer and archaeologist who is the above's wife and becomes Tawaret's superhero avatar Layla El-Faouly
29%
US Army member who serves as John Walker's partner Lemar Hoskins
29%
Clint's only daughter Lila Barton
29%
Genius behind the above's Extremis virus Maya Hansen
29%
Thug for the Ten Rings organization with a machete arm Razor Fist
29%
Legendary captain and supreme leader of the Ravager Clan Stakar Ogord
29%
Friendly gift shop employee who shares a body with the above Steven Grant
29%
Female army veteran subjected to Extremis who works for Killian Ellen Brandt
27%
Darcy's intern and love interest Ian Boothby
27%
Ruthless Spanish-speaking alter of Marc who kills Harrow Jake Lockley
27%
US Air Force lieutenant investigating the Flag Smashers Joaquin Torres
27%
Ignorant rival surgeon of Strange who is later emotionally crippled by the Blip Nicodemus West
27%
Nova Corps member promoted to the rank Denarian Rhomann Dey
27%
Coach of Peter's academic decathlon team Roger Harrington
27%
US Senator and covert HYDRA agent who wants to apprehend Tony Stark's Iron Man technology Stern
27%
Popular student who Peter Parker competes with for MJ's interest Brad Davis
25%
Personal valet of Kingo Karun Patel
25%
The U.S. President who is kidnapped by Killian Matthew Ellis
25%
Egyptian hippo goddess of childbirth and fertility who guides Marc and Steven through the underworld Taweret
25%
Jack Duquesne's uncle who turns up murdered Armand Duquesne III
24%
Clint Barton's oldest son Cooper Barton
24%
Male army veteran subjected to Extremis who works for Killian Eric Savin
24%
Tracksuit mercenary who knows ASL and therefore is able to communicate with the above Kazimierz "Kazi" Kazimierczak
24%
Faceless, winged, furry creature of Ta Lo who befriends Trevor Slattery Morris
24%
Ingenious inventor who engineers tech for Adrian Toomes's crew such as a high-altitude vacuum seal Phineas Mason
24%
Former SHIELD agent and ally of Natasha when she is on the run from Thaddeus Ross Rick Mason
24%
Kamala's older brother who was recently married Aamir Khan
22%
Korean War veteran subjected to testings of Super Soldier Serum Isaiah Bradley
22%
Charming boy that Kamala has a crush on, who is revealed as a Clandestine, part of a race of enhanced beings from the Noor dimension Kamran
22%
Celestial that begins to emerge into the universe whilst destroying Earth but is stopped by the Eternals Tiamut
22%
Algerian assassin and criminal, rival of Sam, who aids the Flag Smashers Georges Batroc
20%
A guardian of Ta Lo who is Shang-Chi's aunt Ying Nan
20%
The above's wife who once turned him away from crime, exemplified a peaceful fighting style, and was a guardian of the mystical village of Ta Lo Ying Li
19%
Ta Lo elder who teaches Katy archery Guang Bo
17%
Mustachioed chaperone of the Europe field trip who believes witches are behind the Elemental attacks Julius Dell
17%
Kamala's compassionate father Yusuf Khan
15%
Right-hand-man and announcer at Xialing's fight club Jon Jon
14%
Leader of the Clandestines who is trying to reach her home dimension after being exiled Najma
14%
Kamala's great-grandmother and the above's mother who was secretly a Clandestine and owned the bangle Aisha
12%
Thief that collects artifacts and antiques Anton Mogart
12%
The above's intelligent and loyal best friend Bruno Carrelli
12%
Kamala's strict mother Muneeba Khan
12%
Popular and mean-spirited girl who Kamala saves with her superpowers Zoe Zimmer
12%
Member of the Red Daggers, a group of trained vigilantes that protect the people Kareem
8%
Department of Damage Control agent intent on capturing Ms. Marvel Sadie Deever
8%
Aamir's newfound wife Tyesha Hillman
8%
Scientist recruited by HYDRA and the CIA to recreate the Super Soldier Serum Wilfred Nagel
8%
Strong and determined close friend of the above two Nakia Bahadir
7%
Egotistical deity who is Gorr's first victim Rapu
5%
Kamala's grandmother who lives in Karachi, Pakistan Sana
5%
Leader of the Red Daggers Waleed
3%
Avatar of Hathor, the Egyptian goddess of love Yatzil
3%
Avatar of Osiris, the leader of the Ennead Selim
2%
No matching quizzes found
Score Distribution
Percent of People with Each Score
Percentile by Number Answered
Your Score History
You have not taken this quiz since the last reset